[Event "FRA-ch Youth U14 2018"]
[Site "Agen"]
[Date "2018.04.15"]
[Round "1"]
[White "Bacrot, Alexandre"]
[Black "Pavee, Louis"]
[Result "1-0"]
[WhiteElo "2180"]
[BlackElo "1814"]
[Annotator "NA RC"]
[PlyCount "47"]
[EventDate "2018.??.??"]
[EventType "swiss"]
[EventCountry "FRA"]
[SourceTitle "playchess.com"]
[Source "ChessBase"]
[SourceQuality "1"]
[TimeControl "5400+30"]

1. e4 {[%emt 0:00:00]} e6 {[%emt 0:00:06]} 2. d4 {[%emt 0:00:00]} d5 {[%emt 0:00:09]} 3. exd5 {[%emt 0:00:00]} exd5 {[%emt 0:00:08]} 4. Nf3 {[%emt 0:00:00]} Bd6 {[%emt 0:01:46]} 5. c4 {[%emt 0:00:00]} c6 {[%emt 0:00:19]} 6. c5 {[%emt 0:06:42]} Bc7 {[%emt 0:00:16] C01: French: Exchange Variation} 7. Bd3 {[%emt 0:00:07]} Nf6 {[%emt 0:01:37]} 8. O-O {[%emt 0:02:15]} O-O {[%emt 0:00:28]} 9. Bg5 {[%emt 0:05:15]} Bg4 {[%emt 0:06:45]} 10. Nbd2 {[%emt 0:00:26]} Nbd7 {[%emt 0:02:28]} 11. Qc2 {[%emt 0:02:14] LiveBook: 6 Games} h6 {[%emt 0:01:30]} (11... Qb8 12. Rfe1 Bf4 13. Bh4 Re8 14. Rxe8+ Qxe8 15. Re1 Qf8 16. Ne5 Nxe5 17. dxe5 Nd7 18. Bxh7+ {1-0 (42) Ovetchkin,R (2539)-Drozdovskij,Y (2552) playchess.com INT 2006}) 12. Bh4 {[%emt 0:00:22]} Bf4 {[%emt 0:09:48]} 13. Rae1 {[%emt 0:05:27]} Re8 {[%emt 0:06:21]} 14. h3 {[%emt 0:02:26]} Bxf3 {[%emt 0:09:21]} 15. Nxf3 {[%emt 0:01:41]} Qc7 $146 {[%emt 0:00:31]} ({Predecessor:} 15... Rxe1 16. Rxe1 {0-1 (43) Repkova,E (2300)-Nguyen,T (2150) Genting Highlands 1998}) 16. Bxf6 {[%emt 0:00:23]} Nxf6 {[%emt 0:01:11]} 17. g3 {[%emt 0:00:36]} Rxe1 {[%emt 0:00:20]} 18. Rxe1 {[%emt 0:00:05]} Bxg3 {[%emt 0:00:05]} 19. fxg3 {[%emt 0:00:08]} Qxg3+ {[%emt 0:00:04]} 20. Qg2 {[%emt 0:00:07]} Qf4 {[%emt 0:00:58]} 21. Qf2 {[%emt 0:05:47]} Re8 {[%emt 0:01:56]} 22. Ne5 {[%emt 0:05:18]} Qg5+ {[%emt 0:00:29]} 23. Kh2 {[%emt 0:00:20]} Qh5 {[%emt 0:01:07]} 24. Rg1 $18 {[%emt 0:00:58]} 1-0

[Event "FRA-ch Youth U14 2018"]
[Site "Agen"]
[Date "2018.04.15"]
[Round "1"]
[White "Poulet, Benoit"]
[Black "Adrian, Leopold"]
[Result "1-0"]
[WhiteElo "2165"]
[BlackElo "1807"]
[Annotator "TA"]
[PlyCount "119"]
[EventDate "2018.??.??"]
[EventType "swiss"]
[EventCountry "FRA"]
[SourceTitle "playchess.com"]
[Source "ChessBase"]
[SourceQuality "1"]

{[%evp 11,119,-25,-17,-22,-19,-22,0,-31,-15,-56,-68,-63,-70,-92,-6,-36,-39,-38,-38,-54,2,3,4,-27,-39,-39,0,-39,-30,-37,-6,-11,6,7,27,18,22,33,154,95,143,163,175,174,165,135,125,80,65,24,37,25,74,-25,69,49,55,60,182,182,168,176,172,189,177,180,183,170,175,151,138,29,131,0,0,8,261,273,257,230,369,368,346,304,286,290,382,361,321,317,1247,1186,1735,1601,1243,1004,29980,29981,29989,29990,29990,29991,29991,29992,29992,29982,29978,29973,29973,29972]} 1. d4 d5 2. c4 e6 3. Nc3 c5 4. cxd5 exd5 5. e4 dxe4 6. d5 Nf6 {LiveBook: 4 Games} 7. Bg5 {D32: Tarrasch Defence: Sidelines and lines without g3} (7. Bf4 Bd6 8. Bb5+ Kf8 9. Qd2 a6 10. Ba4 Bg4 11. h3 Bh5 12. Nge2 Bxe2 13. Bxd6+ Qxd6 14. Qxe2 b5 {½-½ (34) Adler,B (2174)-Golubka,P (2406) Stockholm 2015}) 7... Be7 8. Bb5+ Nfd7 9. Be3 {The position is equal.} (9. Bxe7 {looks sharper.} Qxe7 10. d6 Qh4 11. g3 Qd8 12. Nxe4 O-O 13. Ne2) 9... O-O 10. Nxe4 $146 ({Predecessor:} 10. d6 Bg5 11. Nge2 Bxe3 12. fxe3 a6 13. Ba4 Ne5 14. Nxe4 Nc4 {0-1 (28) Knaak,R-Padevsky,N Pula 1975}) 10... Nf6 11. Nxf6+ Bxf6 12. Qd2 Bd4 (12... Qb6 $17 13. Bd3 Qxb2 14. Qxb2 Bxb2) 13. Bxd4 cxd4 14. Bc4 {[#]} b5 $1 {[%mdl 512]} 15. Bb3 (15. Bxb5 Qxd5) 15... Re8+ (15... Bf5 $15) 16. Ne2 $11 {[%cal Bg1e2,Be2c3,Bc3d5,Bd5e7][%mdl 32]} Bb7 17. O-O-O Bxd5 18. Qxd4 Qc7+ 19. Nc3 Bxb3 20. axb3 Na6 {aiming for ...b4.} (20... Nc6 $5 {[%cal Rc6d4]} 21. Qc5 Qf4+ 22. Kb1 b4 $11) 21. Kb1 b4 22. Nd5 Qd6 23. Rhe1 Rxe1 24. Rxe1 {Ne7+ is the strong threat.} Qg6+ (24... Rd8 $14) 25. Re4 (25. Ka2 $142 $1 {Threatens to win with Ne7+.} Kh8 26. Re7) 25... Kh8 {Strongly threatening ...Nc5!} 26. Ne7 $1 $36 {[%cal Re7g6][%mdl 2048] White has strong initiative.} Qf6 27. Qxf6 gxf6 $18 {[%mdl 4096] Endgame KRN-KRN} 28. Nf5 Kg8 29. Re7 Nc5 30. Re3 Kf8 31. Kc2 Re8 32. Nd4 (32. Rxe8+ $1 $16 Kxe8 33. Ne3) 32... Rxe3 (32... Rc8 $11 33. Kb1 Rd8) 33. fxe3 $11 {KN-KN} a5 34. Nc6 Nb7 (34... Ke8 $1 $14) 35. Kd3 $1 $18 Ke8 36. Kc4 Kd7 37. Kd5 Kc7 38. Ne7 Nd6 39. Ng8 Nf5 40. Ke4 $1 {[%cal Re4f5]} Nd6+ {[#]} 41. Kf4 (41. Kd4 $1 $16) 41... f5 {[#]} (41... Nb7 $11) 42. Nh6 (42. Nf6 $1 $16) 42... Ne4 $11 43. Nxf5 Nd2 $2 {[%mdl 8192]} (43... Nc5 $11 {and Black is okay.}) 44. Nd4 $18 Kd6 45. h4 Kd5 (45... Kd7 $142 46. Kg5 Nf1) 46. g4 Kd6 47. g5 Kd5 48. h5 Kd6 49. e4 Kc5 50. Ke5 Nf1 $2 (50... Kb6 51. Kd5 Kc7) 51. Ne6+ fxe6 {KN-KP} 52. g6 hxg6 53. hxg6 Nd2 54. g7 {White mates.} Nxb3 55. g8=Q a4 56. Qc8+ Kb5 57. Kd6 a3 58. Qb7+ Kc4 59. Qa6+ Kd4 60. bxa3 {Precision: White = 57%, Black = 30%.} 1-0

[Event "FRA-ch Youth U14 2018"]
[Site "Agen"]
[Date "2018.04.15"]
[Round "1"]
[White "Moracchini, Margaux"]
[Black "Cathala, Emma"]
[Result "*"]
[WhiteElo "1939"]
[BlackElo "1293"]
[Annotator "NA RC"]
[PlyCount "22"]
[EventDate "2018.??.??"]
[EventType "swiss"]
[EventCountry "FRA"]
[SourceTitle "playchess.com"]
[Source "ChessBase"]
[SourceQuality "1"]
[TimeControl "5400+30"]

{[%evp 14,21,120,32767,0,-9,32767,0,-16,-5]} 1. e4 {[%emt 0:00:00]} e5 {[%emt 0:00:06]} 2. Nf3 {[%emt 0:00:00]} Nc6 {[%emt 0:01:03]} 3. d4 {[%emt 0:00:00]} exd4 {[%emt 0:00:33]} 4. Nxd4 {[%emt 0:00:00]} Nxd4 {[%emt 0:04:10]} 5. Qxd4 {[%emt 0:00:07]} Qf6 {[%emt 0:02:39]} 6. e5 {[%emt 0:00:22]} Qe6 {[%emt 0:01:35]} 7. Bc4 {[%emt 0:02:37]} c5 {[%emt 0:06:57]} 8. Qf4 {[%emt 0:04:04]} d5 {[%emt 0:04:28]} 9. Bb5+ {[%emt 0:02:22]} Bd7 {[%emt 0:00:24]} 10. Bxd7+ {[%emt 0:00:45]} Qxd7 {[%emt 0:00:10]} 11. O-O $11 {[%emt 0:01:32]} Qe6 {[%emt 0:04:59]} *

[Event "FRA-ch Youth U14 2018"]
[Site "Agen"]
[Date "2018.04.15"]
[Round "1"]
[White "Nguyen, Thao Nhi"]
[Black "Demais, Eilean"]
[Result "1-0"]
[WhiteElo "1861"]
[BlackElo "1266"]
[Annotator "NA RC"]
[PlyCount "87"]
[EventDate "2018.??.??"]
[EventType "swiss"]
[EventCountry "FRA"]
[SourceTitle "playchess.com"]
[Source "ChessBase"]
[SourceQuality "1"]
[TimeControl "5400+30"]

1. e4 {[%emt 0:00:00]} c5 {[%emt 0:00:12]} 2. Nc3 {[%emt 0:00:00]} Nc6 {[%emt 0:00:14]} 3. Bb5 {[%emt 0:00:00]} g6 {[%emt 0:00:21]} 4. Bxc6 {[%emt 0:00:00]} bxc6 {[%emt 0:00:21]} 5. f4 {[%emt 0:00:12]} Bg7 {[%emt 0:00:57]} 6. Nf3 {[%emt 0:00:07]} e6 {[%emt 0:01:29]} 7. O-O {[%emt 0:01:16]} Ne7 {[%emt 0:02:04]} 8. d3 {[%emt 0:00:39]} O-O {[%emt 0:04:54]} 9. Qe1 {[%emt 0:01:30]} Re8 {[%emt 0:04:32]} 10. Na4 {[%emt 0:01:21]} d6 {[%emt 0:03:17]} 11. e5 {[%emt 0:00:51]} dxe5 $18 {[%emt 0:09:54]} (11... Nd5 $16) 12. fxe5 {[%emt 0:00:36]} Qd5 {[%emt 0:08:21]} 13. Qc3 {[%emt 0:01:45]} c4 {[%emt 0:10:31]} 14. dxc4 {[%emt 0:01:10]} Qe4 {[%emt 0:02:54]} 15. Nc5 {[%emt 0:00:32]} Qg4 {[%emt 0:04:37]} 16. h3 {[%emt 0:06:48]} Qh5 {[%emt 0:04:14]} 17. Kh2 {[%emt 0:02:00]} g5 {[%emt 0:08:49]} 18. Nxg5 {[%emt 0:03:20]} Qg6 {[%emt 0:05:32]} 19. Nge4 {[%emt 0:08:50]} Nf5 {[%emt 0:06:58]} 20. g4 {[%emt 0:02:45]} Ne7 {[%emt 0:03:09]} 21. Nf6+ {[%emt 0:00:13]} Bxf6 {[%emt 0:03:38]} 22. Rxf6 {[%emt 0:00:11]} Qg7 {[%emt 0:00:43]} 23. Bh6 {[%emt 0:00:08]} Qh8 {[%emt 0:00:35]} 24. Raf1 {[%emt 0:01:06]} Rb8 {[%emt 0:01:27]} 25. Rxf7 {[%emt 0:00:24]} Ng6 {[%emt 0:00:58]} 26. Rg7+ {[%emt 0:06:32]} Qxg7 {[%emt 0:00:40]} 27. Bxg7 {[%emt 0:00:04]} Kxg7 {[%emt 0:00:20]} 28. Qd4 {[%emt 0:02:05]} Rb4 {[%emt 0:03:09]} 29. Ne4 {[%emt 0:01:50]} Rb7 {[%emt 0:01:18]} 30. Nd6 {[%emt 0:01:06]} Rd7 {[%emt 0:01:58]} 31. Qc5 {[%emt 0:00:16]} Rg8 {[%emt 0:01:32]} 32. Qxc6 {[%emt 0:00:19]} Nxe5 {[%emt 0:00:48]} 33. Qc5 {[%emt 0:00:25]} Ng6 {[%emt 0:00:52]} 34. Nxc8 {[%emt 0:00:23]} Rd2+ {[%emt 0:03:04]} 35. Kg3 {[%emt 0:00:15]} Rd7 {[%emt 0:00:27]} 36. Qc6 {[%emt 0:01:09]} Rgd8 {[%emt 0:01:39]} 37. Qxe6 {[%emt 0:00:16]} Rc7 {[%emt 0:00:50]} 38. Qf6+ {[%emt 0:00:17]} Kh6 {[%emt 0:01:16]} 39. g5+ {[%emt 0:00:34]} Kh5 {[%emt 0:00:12]} 40. Qf3+ {[%emt 0:00:24]} Kxg5 {[%emt 0:00:13]} 41. Qe3+ {[%emt 0:00:08]} Nf4 {[%emt 0:00:24]} 42. Qxf4+ {[%emt 0:00:09]} Kg6 {[%emt 0:00:09]} 43. Qf6+ {[%emt 0:00:01]} Kh5 {[%emt 0:00:17]} 44. Rf5# 1-0

[Event "FRA-ch Youth U14 2018"]
[Site "Agen"]
[Date "2018.04.15"]
[Round "1"]
[White "Robert, Yoann"]
[Black "Boyer, Mahel"]
[Result "1/2-1/2"]
[WhiteElo "1815"]
[BlackElo "2208"]
[Annotator "TA"]
[PlyCount "85"]
[EventDate "2018.??.??"]
[EventType "swiss"]
[EventCountry "FRA"]
[SourceTitle "playchess.com"]
[Source "ChessBase"]
[SourceQuality "1"]

{[%evp 21,85,40,44,8,4,0,13,0,0,0,15,-16,0,0,0,-30,0,0,0,0,0,0,0,0,0,0,16,-94,-94,-90,-87,-162,-117,-181,-177,-248,-233,-246,-216,-239,-212,-222,-217,-216,-198,-203,0,0,0,0,0,0,0,0,0,0,0,0,0,0,0,0,0,0,0,-29999]} 1. d4 Nf6 2. Nf3 c5 3. d5 e6 4. c4 exd5 5. cxd5 d6 6. Nc3 g6 7. h3 Bg7 8. Bf4 {A61: Modern Benoni: Nf3 without early e4} (8. e4 O-O 9. Bd3 b5 10. Bxb5 Nxe4 11. Nxe4 Qa5+ 12. Nfd2 Qxb5 13. Nxd6 Qa6 14. N2c4 Nd7 15. O-O Nb6 16. Nxb6 Qxb6 17. Nxc8 Raxc8 18. Rb1 Rfd8 19. Bf4 Qb7 20. d6 Bf8 21. Qd3 Bxd6 22. Bxd6 Rc6 23. Rfd1 Qd7 24. Qa3 Rxd6 25. Rxd6 Qxd6 26. Qxa7 {½-½ (40) Ponomariov,R (2709)-Nakamura,H (2789) Baku 2016}) 8... O-O 9. e3 Ne8 10. Be2 Nd7 11. O-O Qe7 {LiveBook: 6 Games} 12. Bb5 $146 ({Find the theoretical novelty and annotate with similar games:} 12. a4 Ne5 13. Nd2 f5 14. Bg3 g5 15. f4 Ng6 {0-1 (40) Sargissian,G (2675)-Berg,E (2594) Rijeka 2010}) 12... a6 13. Bxd7 Bxd7 14. a4 Rb8 15. Re1 f5 16. Qc2 b5 17. axb5 axb5 18. Bg5 Bf6 19. Bxf6 Nxf6 20. e4 fxe4 21. Nxe4 Bf5 {[%cal Rf5e4]} 22. Nxf6+ Qxf6 23. Qd2 Ra8 24. Qe2 (24. Rxa8 $11 Rxa8 25. Ng5) 24... Rxa1 $17 25. Rxa1 {[#]} Bxh3 $1 {[%mdl 512]} 26. Nh2 (26. Qe3 $17) (26. gxh3 Qxf3) 26... Qg5 $19 {[%csl Gh3][%cal Rg5g2]} 27. f3 {[#]} (27. f4 $17 {is a better defense.} Rxf4 28. Qd2) 27... Bd7 $1 28. Qd3 (28. Ra7 $142 Re8 29. Qf2) 28... Re8 29. Nf1 Bh3 {[%csl Gh3][%cal Rg5g2]} 30. Qc2 Bf5 ({Worse is} 30... Qxd5 31. gxh3 Qxf3 32. Ra3 $11) 31. Qf2 Bd3 {And now ...Re2 would win.} 32. Re1 Rxe1 33. Qxe1 Kf7 $2 ({Don't take} 33... Qxd5 34. Qe8+ Kg7 35. Qe7+ Qf7 36. Qxd6 $17) (33... Bxf1 $19 34. Kxf1 Kg7) 34. Qe6+ $11 {The position is equal.} Kg7 {Hoping for ...Bxf1.} 35. Qxd6 Bxf1 {[%csl Gf1][%cal Rg5g2]} 36. Qd7+ Kh6 {[%csl Gf1][%cal Rg5g2]} 37. Qh3+ Kg7 $1 {White must now prevent ...Bc4.} 38. Qd7+ Kf8 {[%csl Gf1][%cal Rg5g2]} 39. Qc8+ Kf7 {[%csl Gf1][%cal Rg5g2]} 40. Qe6+ Kg7 {[%csl Gf1][%cal Rg5g2]} 41. Qd7+ Kh6 {[%csl Gf1][%cal Rg5g2]} 42. Qh3+ Kg7 $1 {...Bc4 is the strong threat.} 43. Qe6 $2 {[%mdl 40960] Precision: White = 37%, Black = 75%. . An unexpected result.} (43. Qd7+ $11 Kh6) 1/2-1/2

[Event "FRA-ch Youth U14 2018"]
[Site "Agen"]
[Date "2018.04.15"]
[Round "1"]
[White "Avanesyan, Davit"]
[Black "Cohen Revivo, Shoham"]
[Result "0-1"]
[WhiteElo "1808"]
[BlackElo "2180"]
[Annotator "NA RC"]
[PlyCount "62"]
[EventDate "2018.??.??"]
[EventType "swiss"]
[EventCountry "FRA"]
[SourceTitle "playchess.com"]
[Source "ChessBase"]
[SourceQuality "1"]
[TimeControl "5400+30"]

1. e4 {[%emt 0:00:00]} e6 {[%emt 0:00:07]} 2. d3 {[%emt 0:00:00]} d5 {[%emt 0:00:05]} 3. Nd2 {[%emt 0:00:00]} Nf6 {[%emt 0:00:08]} 4. Ngf3 {[%emt 0:00:17]} Nc6 {[%emt 0:00:08]} 5. g3 {[%emt 0:01:33]} dxe4 {[%emt 0:00:08]} 6. dxe4 {[%emt 0:00:27]} e5 {[%emt 0:00:07]} 7. Bg2 {[%emt 0:01:13]} Bc5 {[%emt 0:00:15]} 8. Qe2 {[%emt 0:03:57]} O-O {[%emt 0:00:20]} 9. Nc4 {[%emt 0:02:06]} Qe7 {[%emt 0:02:53]} 10. h3 {[%emt 0:05:05]} a5 {[%emt 0:02:13]} 11. a4 {[%emt 0:10:25]} b6 {[%emt 0:00:19]} 12. c3 {[%emt 0:00:21]} Ba6 {[%emt 0:00:05]} 13. Nfd2 {[%emt 0:00:52]} Rfd8 {[%emt 0:01:40]} 14. Qf3 {[%emt 0:03:15]} Rd7 {[%emt 0:04:26]} 15. Bf1 Bb7 {[%emt 0:05:31]} 16. b3 {[%emt 0:05:01] [#]} Rad8 $17 {[%emt 0:00:44]} (16... Nb4 $1 $19 {[%cal Rb4c2][%mdl 512]} 17. cxb4 Bxb4) 17. Ne3 {[%emt 0:02:21]} Nb4 {[%emt 0:07:30]} 18. Nf5 {[%emt 0:37:51]} Qe8 {[%emt 0:00:12]} 19. cxb4 {[%emt 0:02:16]} Bxb4 {[%emt 0:00:02]} 20. Bb5 {[%emt 0:00:16]} Bxe4 {[%emt 0:00:25]} 21. Qe3 {[%emt 0:00:53]} c6 {[%emt 0:08:53]} 22. f3 {[%emt 0:07:00]} Rxd2 {[%emt 0:01:37]} 23. Bxd2 {[%emt 0:00:47]} Bxd2+ {[%emt 0:00:03]} 24. Qxd2 {[%emt 0:00:12]} Rxd2 {[%emt 0:00:10]} 25. Kxd2 {[%emt 0:00:37]} Bxf5 {[%emt 0:00:07]} 26. Be2 {[%emt 0:00:21]} e4 {[%emt 0:00:26]} 27. Ba6 {[%emt 0:02:01]} exf3 {[%emt 0:00:28]} 28. Rae1 {[%emt 0:00:15]} Ne4+ {[%emt 0:00:21]} 29. Ke3 {[%emt 0:00:29]} f2 {[%emt 0:00:25]} 30. Re2 {[%emt 0:00:47]} Nxg3+ {[%emt 0:00:25]} 31. Kf3 {[%emt 0:00:11]} Nxe2 {[%emt 0:00:09]} 0-1

[Event "FRA-ch Youth U14 2018"]
[Site "Agen"]
[Date "2018.04.15"]
[Round "1"]
[White "Delhoume, Sarah"]
[Black "Yuan, Beline"]
[Result "0-1"]
[WhiteElo "1299"]
[BlackElo "2035"]
[Annotator "NA RC"]
[PlyCount "73"]
[EventDate "2018.??.??"]
[EventType "swiss"]
[EventCountry "FRA"]
[SourceTitle "playchess.com"]
[Source "ChessBase"]
[SourceQuality "1"]
[TimeControl "5400+30"]

1. c4 {[%emt 0:00:00]} Nf6 {[%emt 0:02:14]} 2. Nc3 {[%emt 0:00:00]} g6 {[%emt 0:00:12]} 3. g3 {[%emt 0:00:00]} Bg7 {[%emt 0:00:10]} 4. Bg2 {[%emt 0:00:00]} d6 {[%emt 0:00:17]} 5. e3 {[%emt 0:00:13]} O-O {[%emt 0:00:35]} 6. Nge2 {[%emt 0:00:14]} e5 {[%emt 0:00:18]} 7. O-O {[%emt 0:00:21]} Nc6 {[%emt 0:00:19]} 8. Rb1 {[%emt 0:01:52]} a5 {[%emt 0:01:52] A25: English Opening vs King's Indian with ...Nc6 but without early d3} 9. a3 {[%emt 0:01:34]} Nh5 {[%emt 0:01:22]} 10. d3 {[%emt 0:06:21]} f5 {[%emt 0:02:38]} 11. f4 {[%emt 0:03:03]} (11. Nd5 Ne7 12. f4 c6 13. Ndc3 Be6 14. b4 axb4 15. axb4 d5 16. fxe5 Bxe5 {1-0 (41) Timofeev,A (2549)-Popov,M (2416) Sochi 2017}) 11... g5 $146 {[%emt 0:10:52]} ({Predecessor:} 11... exf4 $11 {remains equal.} 12. gxf4 Kh8 (12... Be6 13. Bd2 Nf6 14. Nd5 Kh8 15. Bc3 {0-1 (41) Small,G (2255)-Bryant,J (2193) Los Angeles 2007})) 12. e4 {[%emt 0:07:46]} gxf4 {[%emt 0:02:24]} 13. gxf4 {[%emt 0:01:01]} Ne7 {[%emt 0:13:02]} 14. d4 {[%emt 0:09:02]} fxe4 {[%emt 0:01:53]} 15. Nxe4 {[%emt 0:00:42]} Bg4 {[%emt 0:07:28]} 16. Qc2 {[%emt 0:01:33]} exd4 {[%emt 0:06:45]} 17. Bf3 {[%emt 0:01:41]} Qd7 {[%emt 0:01:23]} 18. Ng5 {[%emt 0:03:54]} Bf5 {[%emt 0:02:04]} 19. Be4 {[%emt 0:02:17]} h6 {[%emt 0:03:18]} 20. Nf3 {[%emt 0:01:19]} Bh3 {[%emt 0:04:24]} 21. Rf2 {[%emt 0:02:26]} Nf5 {[%emt 0:01:41]} 22. Bxf5 {[%emt 0:02:10]} Bxf5 {[%emt 0:00:48]} 23. Qb3 {[%emt 0:01:57]} Bxb1 $19 {[%emt 0:00:33]} 24. Qxb7 {[%emt 0:01:40]} Nf6 {[%emt 0:04:22]} 25. Nfxd4 {[%emt 0:01:07]} Be4 {[%emt 0:00:24]} 26. Qb3 {[%emt 0:00:23]} Rab8 {[%emt 0:01:43]} 27. Qg3 {[%emt 0:00:39]} Qg4 {[%emt 0:01:45]} 28. f5 {[%emt 0:03:29]} Qxg3+ {[%emt 0:01:30]} 29. Nxg3 {[%emt 0:00:13]} Ng4 {[%emt 0:02:34]} 30. Rd2 {[%emt 0:01:04]} Ba8 {[%emt 0:03:35]} 31. Ne6 {[%emt 0:01:33]} Rfe8 {[%emt 0:00:50]} 32. Nh5 {[%emt 0:01:01]} Be5 {[%emt 0:03:07]} 33. Nxc7 {[%emt 0:01:48]} Bxh2+ {[%emt 0:00:59]} 34. Kf1 {[%emt 0:00:57]} Rf8 {[%emt 0:03:15]} 35. Rxd6 {[%emt 0:00:54]} Bxd6 {[%emt 0:00:51]} 36. Ne6 Rxf5+ 37. Ke1 0-1

[Event "FRA-ch Youth U14 2018"]
[Site "Agen"]
[Date "2018.04.15"]
[Round "1"]
[White "Discors, Alice"]
[Black "Randrianarimanana, Alicia"]
[Result "0-1"]
[WhiteElo "1280"]
[BlackElo "1872"]
[Annotator "NA RC"]
[PlyCount "68"]
[EventDate "2018.??.??"]
[EventType "swiss"]
[EventCountry "FRA"]
[SourceTitle "playchess.com"]
[Source "ChessBase"]
[SourceQuality "1"]
[TimeControl "5400+30"]

1. e4 {[%emt 0:00:00]} d5 {[%emt 0:00:07]} 2. exd5 {[%emt 0:00:00]} Qxd5 {[%emt 0:00:05]} 3. Nc3 {[%emt 0:00:00]} Qd6 {[%emt 0:00:04]} 4. Bc4 {[%emt 0:00:53]} a6 {[%emt 0:00:35]} 5. Nf3 {[%emt 0:02:24]} Nf6 {[%emt 0:00:08]} 6. d4 {[%emt 0:02:21]} e6 {[%emt 0:01:52] B01: Scandinavian Defence} (6... b5 7. Bd3 Bb7 8. Qe2 Nbd7 9. O-O e6 10. a4 b4 11. Ne4 Qd5 12. Nxf6+ Nxf6 13. c4 bxc3 14. bxc3 Be7 {1-0 (48) Savic,M (2587)-Milanovic,D (2594) Belgrade 2015}) 7. O-O {[%emt 0:05:51]} b5 {[%emt 0:00:13]} 8. Bb3 {[%emt 0:02:18]} Bb7 {[%emt 0:00:05]} 9. Be3 {[%emt 0:02:43]} Ng4 {[%emt 0:03:07]} 10. g3 {[%emt 0:06:40] [#]} c5 $1 11. a3 $2 {[%emt 0:09:37]} (11. Bf4 $16 {keeps the pressure on.} Qd7 12. Ng5) 11... c4 {[%emt 0:20:46]} 12. Ba2 {[%emt 0:02:01]} Qc6 {[%emt 0:00:08]} 13. d5 $1 $146 {[%emt 0:13:09]} ({Find the theoretical novelty and annotate with similar games:} 13. h3 Qxf3 14. Qxf3 Bxf3 15. hxg4 {0-1 (43) Majirska,K (1528)-Liscinska,J (1725) Liptovsky Mikulas 2016}) 13... exd5 {[%emt 0:00:36]} 14. Nxd5 {[%emt 0:00:24]} Qxd5 {[%emt 0:00:30]} 15. Qxd5 {[%emt 0:00:39]} Bxd5 {[%emt 0:00:01]} 16. Nd4 {[%emt 0:05:02]} Nxe3 {[%emt 0:00:49]} 17. fxe3 {[%emt 0:00:26]} Nc6 {[%emt 0:02:11]} 18. Nxc6 {[%emt 0:21:02]} Bxc6 {[%emt 0:00:01]} 19. Rad1 {[%emt 0:00:17]} Bc5 {[%emt 0:00:21]} 20. Rfe1 {[%emt 0:00:51]} O-O {[%emt 0:00:11]} 21. Kf1 {[%emt 0:07:50]} Rfe8 {[%emt 0:01:02]} 22. Kf2 {[%emt 0:01:46]} g6 $19 {[%emt 0:00:42]} 23. b3 {[%emt 0:03:32]} cxb3 {[%emt 0:00:41]} 24. Bxb3 {[%emt 0:00:55]} Bxa3 {[%emt 0:00:24]} 25. Rd3 {[%emt 0:03:18]} Bb4 {[%emt 0:00:23]} 26. Rf1 {[%emt 0:00:59]} Rad8 {[%emt 0:01:02]} 27. Ke2 {[%emt 0:01:25]} Rf8 {[%emt 0:02:10]} 28. Bxf7+ {[%emt 0:05:24]} Kg7 {[%emt 0:00:32]} 29. Rxd8 {[%emt 0:00:59]} Rxd8 {[%emt 0:00:00]} 30. Bb3 {[%emt 0:01:31]} Rd2+ {[%emt 0:01:10]} 31. Ke1 {[%emt 0:00:11]} Rxc2+ {[%emt 0:01:02]} 32. Kd1 {[%emt 0:00:30]} Rd2+ {[%emt 0:00:09]} 33. Ke1 {[%emt 0:00:18]} Rb2+ {[%emt 0:00:27]} 34. Kd1 {[%emt 0:00:26]} Rxb3 {[%emt 0:00:04]} 0-1

[Event "FRA-ch Youth U14 2018"]
[Site "Agen"]
[Date "2018.04.16"]
[Round "2"]
[White "Cohen Revivo, Shoham"]
[Black "Mas, Victor"]
[Result "1-0"]
[WhiteElo "2180"]
[BlackElo "1939"]
[Annotator "TA"]
[PlyCount "89"]
[EventDate "2018.??.??"]
[EventType "swiss"]
[EventCountry "FRA"]
[SourceTitle "playchess.com"]
[Source "ChessBase"]
[SourceQuality "1"]

{[%evp 19,89,0,31,0,0,0,0,0,0,0,0,0,0,0,0,0,25,31,72,72,72,72,72,79,72,72,72,72,72,72,72,72,72,47,53,58,46,46,63,46,57,49,57,58,400,406,392,367,258,199,1246,1208,1362,1315,5085,2668,29959,29961,29979,29980,29980,29981,29981,29982,29982,29983,29984,29985,29985,29986,29986,29987]} 1. d4 d5 2. c4 e6 3. Nf3 Nf6 4. g3 Be7 5. Bg2 O-O 6. O-O dxc4 7. Ne5 Nc6 8. Nxc6 bxc6 9. Na3 Bxa3 10. bxa3 Rb8 {LiveBook: 46 Games. E05: Open Catalan: 5 Nf3 Be7} (10... Ba6 11. Qd2 Rb8 12. Qa5 Rb6 13. a4 Qd6 14. Rd1 Nd5 15. e4 Qb4 16. Qxb4 Nxb4 17. Bf4 Nd3 18. Bxc7 Rb2 {0-1 (59) Iturrizaga Bonelli,E (2650)-Dominguez Perez,L (2739) chess.com INT 2018}) 11. Bxc6 Bb7 12. Bxb7 Rxb7 {The position is equal.} 13. Bg5 Qd5 14. Bxf6 $1 gxf6 15. e3 c5 16. Qg4+ Qg5 17. Qf3 Rc7 $146 (17... Qd5 {seems wilder.} 18. Qxf6 cxd4 19. exd4 Rc8 20. Rfe1 Rd7) 18. h4 Qf5 19. Qxf5 exf5 $16 {[%mdl 4096] Endgame KRR-KRR} 20. d5 Rd8 21. Rfd1 Rcd7 22. Rac1 Rxd5 23. Rxd5 Rxd5 24. Rxc4 {KR-KR} Rd3 25. Rxc5 {Hoping for Ra5.} Rxa3 26. Rc2 Kf8 27. Kf1 Ke7 28. Ke2 Kd6 29. Kd2 Ra5 30. Kc3 Rc5+ 31. Kb3 Rxc2 $4 {[%mdl 8192] [#]} ({Black should play} 31... Rb5+ $1 $14 32. Ka4 Rd5) 32. Kxc2 $14 {KP-KP} Kd5 33. Kd3 Kc5 34. Kc3 h5 $2 (34... Kd5) 35. f3 $18 a6 36. a3 a5 37. Kd3 Kd5 {[#]} 38. g4 $1 {[%mdl 512] White mates.} fxg4 39. fxg4 hxg4 40. h5 {[%cal Bh4h5,Bh5h6,Bh6h7][%mdl 32]} g3 41. Ke2 g2 42. Kf2 Ke4 43. h6 g1=Q+ 44. Kxg1 Kxe3 45. h7 {Precision: White = 88%, Black = 35%.} 1-0